书目信息 |
| 题名: |
中医儿科学
|
|
| 作者: | 江育仁 , 王玉润 主编 | |
| 分册: | ||
| 出版信息: | 北京 人民卫生出版社 1987 |
|
| 页数: | 924页 | |
| 开本: | 26cm | |
| 丛书名: | 高等中医院校教学参考丛书 | |
| 单 册: | ||
| 中图分类: | R272 , R272 | |
| 科图分类: | ||
| 主题词: | 中医儿科学--中医学校--教材 | |
| 电子资源: | ||
| ISBN: | ||
| 000 | 00760nam2 2200277 45 | |
| 001 | 1573386022 | |
| 005 | 20150130202605.68 | |
| 010 | @dCNY6.65 | |
| 091 | @aCN@b14048.5285 | |
| 100 | @a19901019d1987 em y0chiy0121 ea | |
| 101 | 0 | @achi |
| 102 | @aCN@b110000 | |
| 105 | @ay z 000yy | |
| 200 | 10 | @a中医儿科学@Azhong yi er ke xue@f江育仁, 王玉润主编 |
| 210 | @a北京@c人民卫生出版社@d1987 | |
| 215 | @a924页@d26cm | |
| 225 | 2 | @a高等中医院校教学参考丛书 |
| 410 | 0 | @120010@a高等中医院校教学参考丛书 |
| 606 | @a中医儿科学@x中医学校@x教材 | |
| 690 | @aR272@v3 | |
| 690 | @aR272@v4 | |
| 701 | 0 | @a江育仁@Ajiang yu ren@4主编 |
| 701 | 0 | @a王玉润@Awang yu run@4主编 |
| 801 | 0 | @aCN@bTSSF@c20150130 |
| 801 | 2 | @aCN@bNLC |
| 905 | @aZUCC@dR272@eJY154 | |
| 中医儿科学/江育仁, 王玉润主编.-北京:人民卫生出版社,1987 |
| 924页;26cm.-(高等中医院校教学参考丛书) |
| ISBN :CNY6.65 |
| ● |
| 相关链接 |
|
|
|
|
正题名:中医儿科学
索取号:R272/JY154
 
预约/预借
| 序号 | 登录号 | 条形码 | 馆藏地/架位号 | 状态 | 备注 |
| 1 | 7851197 | 278511978 | 学院路分馆/ [索取号:R272/JY154] | 在馆 |